| 000 | 00344nam a2200121Ia 4500 | ||
|---|---|---|---|
| 008 | 230907s9999||||xx |||||||||||||| ||und|| | ||
| 082 |
_a620.11 _bSHA |
||
| 100 |
_ashackelford, James F. _940721 |
||
| 245 | 0 | _aIntroduction to materials science for engineerings/ | |
| 260 |
_aPearson, _bNew Delhi : _c2007 |
||
| 300 | _axvii, 776 p.: | ||
| 942 | _cBK | ||
| 999 |
_c600313 _d600313 |
||